| 000 | 00343nam a2200121Ia 4500 | ||
|---|---|---|---|
| 008 | 220216s9999 xx 000 0 und d | ||
| 100 | _aShahwahid H O M | ||
| 245 | 0 | _aProjecting rubber log availability in Peninsular Malaysia | |
| 260 |
_bJournal of Tropical Forest Products _c1997 |
||
| 300 | _a165-177 | ||
| 500 | _aCAB CD 1999 | ||
| 942 | _cBO | ||
| 999 |
_c47873 _d47873 |
||